000
00313nam a22001457a 4500
008
210519b ||||| |||| 00| 0 eng d
020
_a
0130337358
041
_a
eng
080
_2
11th
_a
338
082
_a
338
100
_a
53
101
_a
MEN
245
_a
Introduction to Logic
_c
Copi,I.M
942
_2
udc
_c
BK
999
_c
57473
_d
57473